| 000 | 01304nas a2200325Ia 4500 | ||
|---|---|---|---|
| 003 | PE SENCICO BE | ||
| 005 | 20251020182632.0 | ||
| 008 | 230227c99999999xx |||||||||||| ||spa|| | ||
| 022 | _a23408677 | ||
| 040 |
_aPE SENCICO BE _cPE SENCICO BE |
||
| 041 | _aspa | ||
| 110 | 1 |
_aInfoedita Comunicación Profesional _92377 |
|
| 245 | 1 | 0 |
_aDetalles y proyectos de dparquitectura / _cInfoedita Comunicación Profesional |
| 260 |
_aMadrid: _bInfoedita ; _c2019 - |
||
| 500 | _aDescripción basada en: N° 25 (2019) | ||
| 520 | 3 | _aSu temática abarca todos los aspectos de la arquitectura incidiendo especialmente en los detalles constructivos y en la exposición de los materiales, productos y servicios de aplicación directa en los proyectos reales. Pretende ser un aliado de los arquitectos a la hora de proyectar. | |
| 650 | 1 | 0 |
_aProyectos de edificaciones _9940 |
| 650 | 2 | 0 |
_aArquitectura _949 |
| 650 | 2 | 0 |
_aDiseño arquitectónico _918 |
| 650 | 2 | 0 |
_aViviendas multifamiliares _91456 |
| 650 | 2 | 0 |
_aArquitectura paisajista _91409 |
| 650 | 2 | 0 |
_aArquitectura urbana _9570 |
| 650 | 2 | 0 |
_aArquitectura de viviendas _9370 |
| 650 | 2 | 0 |
_aViviendas unifamiliares _91628 |
| 866 | _a2014 4(3,4,5,6) | ||
| 866 | _a2019 : No. 25 | ||
| 866 | _a2019 : No. 26 | ||
| 910 |
_ahfp _bhfp _chfp |
||
| 942 | _cREV | ||
| 999 |
_c4011 _d4011 |
||